Statistics for Three Word Capital Cities

Click here to take the quiz!

General Stats

  • This quiz has been taken 40 times
  • The average score is 4 of 5

Answer Stats

Capital City% Correct
Port-au-Prince
81%
Port of Spain
81%
Bandar Seri Begawan
78%
Sri Jayewardenepura Kotte
72%
Andorra la Vella
64%

Score Distribution

Percentile by Number Answered

Percent of People with Each Score

Your Score History

You have not taken this quiz